[Event "1.GRS Open"]
[Site "Ober-Ramstadt, Modauhalle"]
[Date "2024.07.27"]
[Round "2.24"]
[White "Allmann, Thorsten"]
[Black "Pioch, Thomas"]
[Result "1/2-1/2"]
[WhiteElo "2117"]
[BlackElo "1996"]
[PlyCount "40"]
[EventDate "2024.07.26"]
[WhiteTeam "SC Schachmatt Weiterstadt"]
[BlackTeam "SC Flörsheim 1921"]

1. Nf3 Nf6 2. c4 g6 3. Nc3 Bg7 4. e4 d6 5. d4 O-O 6. Be2 Bg4 7. Be3 c6 8. Nd2 Bxe2 9. Qxe2 a6 10. a4 a5 11. d5 Nfd7 12. Nb3 Na6 13. O-O Nb4 14. Rad1 c5 15. f4 Nb6 16. e5 Qd7 17. Ra1 Qf5 18. Nxc5 dxc5 19. Bxc5 Nc8 20. Ne4 Na6 1/2-1/2

[Event "1.GRS Open"]
[Site "Ober-Ramstadt, Modauhalle"]
[Date "2024.07.27"]
[Round "2.25"]
[White "Schröder, Jürgen"]
[Black "Reschke, Thomas"]
[Result "1-0"]
[WhiteElo "2010"]
[BlackElo "2103"]
[PlyCount "87"]
[EventDate "2024.07.26"]
[WhiteTeam "SC Matt im Park Ffm"]
[BlackTeam "SC Frankfurt-West"]

1. e4 g6 2. d4 Bg7 3. Nc3 d6 4. Nf3 a6 5. a4 b6 6. Bc4 e6 7. O-O h6 8. Be3 Ne7 9. Qd2 Bb7 10. Rad1 Nd7 11. b4 g5 12. Ne1 Ng6 13. Nd3 Nf6 14. f4 gxf4 15. Nxf4 Nxe4 16. Nxe4 Bxe4 17. Nh5 Rh7 18. d5 Ne5 19. Qe2 Nxc4 20. Qxc4 exd5 21. Rxd5 Bxd5 22. Qxd5 Be5 23. Bf4 c6 24. Qe4 f5 25. Qxf5 Rf7 26. Qg6 Bxf4 27. Rxf4 Qe7 28. Ng7+ Kf8 29. Ne6+ Ke8 30. Rxf7 Qxf7 31. Nc7+ Ke7 32. Qxf7+ Kxf7 33. Nxa8 b5 34. axb5 axb5 35. Nb6 Ke6 36. c4 Ke5 37. cxb5 cxb5 38. Kf2 Kd4 39. Kf3 Kc3 40. Nd5+ Kd4 41. Nc7 Kc4 42. Ke4 Kxb4 43. g4 Kc4 44. Nxb5 1-0

[Event "1.GRS Open"]
[Site "Ober-Ramstadt, Modauhalle"]
[Date "2024.07.27"]
[Round "2.26"]
[White "Heimrath, Reiner"]
[Black "Niebler, Paul"]
[Result "1/2-1/2"]
[WhiteElo "2140"]
[BlackElo "1923"]
[PlyCount "181"]
[EventDate "2024.07.26"]
[WhiteTeam "SC Noris-Tarrasch Nürnberg 1873"]
[BlackTeam "SK Neuburg"]

1. e4 c5 2. Nc3 Nc6 3. g3 g6 4. h4 h5 5. Bg2 Bg7 6. d3 d6 7. Bg5 Rb8 8. Nge2 b5 9. a3 Nf6 10. Qd2 Bg4 11. f3 Bd7 12. O-O Nd4 13. Rae1 O-O 14. Nxd4 cxd4 15. Nd5 e6 16. Nxf6+ Bxf6 17. Bxf6 Qxf6 18. f4 Rbc8 19. Rf2 Rc7 20. Qb4 e5 21. f5 Rfc8 22. Ree2 Rc5 23. Bh3 g5 24. hxg5 Qxg5 25. Qd2 Qxd2 26. Rxd2 d5 27. exd5 Rxd5 28. Bg2 Rd6 29. Bf3 Rh6 30. Bd5 Rc5 31. Be4 Bc6 32. Rh2 Kg7 33. Kf1 Kf6 34. g4 Bxe4 35. dxe4 h4 36. Ke2 Kg5 37. Kd3 h3 38. Rd1 Rh4 39. Rdh1 Kxg4 40. Rg1+ Kh5 41. Rg7 Rc8 42. Rg3 a5 43. Rgxh3 Rxh3+ 44. Rxh3+ Kg5 45. Rh7 Rc7 46. Rh8 Rb7 47. Re8 f6 48. Rg8+ Kf4 49. Rg6 Rb6 50. Rh6 Kg5 51. Rh8 Kf4 52. Rf8 Kg5 53. Ra8 a4 54. Rh8 Rb7 55. Rh1 Rc7 56. Rh8 Rb7 57. Rh1 Rc7 58. Rg1+ Kf4 59. Rf1+ Kg5 60. c3 dxc3 61. bxc3 Rd7+ 62. Ke3 Rc7 63. Rg1+ Kh5 64. Kd2 Rd7+ 65. Kc2 Rc7 66. Rg8 Rb7 67. Rc8 Kg5 68. Rc6 Rh7 69. c4 bxc4 70. Rxc4 Ra7 71. Rc6 Rd7 72. Rc4 Ra7 73. Kd3 Kf4 74. Rc6 Rd7+ 75. Kc3 Kxe4 76. Rxf6 Kf4 77. Rf8 e4 78. f6 e3 79. Re8 Kf3 80. Re7 Rd6 81. f7 Rf6 82. Kd3 Rd6+ 83. Kc4 Rf6 84. Kd3 Rd6+ 85. Kc3 Rf6 86. Kd4 e2 87. Kd3 Rd6+ 88. Kc2 Rf6 89. Kd2 Rd6+ 90. Kc3 Rf6 91. Kd2 1/2-1/2

[Event "1.GRS Open"]
[Site "Ober-Ramstadt, Modauhalle"]
[Date "2024.07.27"]
[Round "2.27"]
[White "Weber, Nikita"]
[Black "Pham-Tran, Phuong-Bao"]
[Result "1-0"]
[WhiteElo "2010"]
[BlackElo "1893"]
[PlyCount "45"]
[EventDate "2024.07.26"]
[WhiteTeam "Vorw.Orient Mainz"]
[BlackTeam "Sabt Frankfurter TV 1860"]

1. d4 d5 2. c4 c6 3. Nc3 Nf6 4. Nf3 a6 5. Qc2 b5 6. cxd5 cxd5 7. Bf4 Bg4 8. Ne5 Bh5 9. e3 Nbd7 10. Bd3 e6 11. O-O Qb6 12. Qb3 Be7 13. Nxd7 Kxd7 14. a4 b4 15. a5 Qb7 16. Na4 Rad8 17. Rfc1 Ke8 18. Rc7 Qb8 19. Rxe7+ Kxe7 20. Bxb8 Rxb8 21. Nb6 Rhd8 22. Qxb4+ Ke8 23. Bxa6 1-0

[Event "1.GRS Open"]
[Site "Ober-Ramstadt, Modauhalle"]
[Date "2024.07.27"]
[Round "2.28"]
[White "Nagel, Matthias"]
[Black "Lukas, Anne"]
[Result "1/2-1/2"]
[WhiteElo "1890"]
[BlackElo "2024"]
[PlyCount "65"]
[EventDate "2024.07.26"]
[WhiteTeam "SV 1920 Kelsterbach"]
[BlackTeam "SK 1980 Gernsheim"]

1. d4 Nf6 2. Nc3 d5 3. Bf4 a6 4. e3 c5 5. dxc5 Nc6 6. Nf3 Bg4 7. Be2 e6 8. Na4 Nd7 9. O-O Nxc5 10. Nxc5 Bxc5 11. h3 Bf5 12. Bd3 Bg6 13. Ne5 Qb6 14. Nxc6 bxc6 15. Be5 f6 16. Bg3 O-O 17. Bxg6 hxg6 18. Qd3 Kf7 19. b4 Be7 20. Rfb1 Qb5 21. a3 Ra7 22. Rc1 a5 23. bxa5 Rxa5 24. c4 Qa6 25. Rc3 Ra8 26. cxd5 cxd5 27. Qxa6 R8xa6 28. Rc7 e5 29. f4 Ke6 30. fxe5 fxe5 31. Bxe5 Rxa3 32. Rxa3 Rxa3 33. Bd4 1/2-1/2

[Event "1.GRS Open"]
[Site "Ober-Ramstadt, Modauhalle"]
[Date "2024.07.27"]
[Round "2.29"]
[White "Marcziter, Alex"]
[Black "Rabiya, Karim"]
[Result "1-0"]
[WhiteElo "2024"]
[BlackElo "1864"]
[PlyCount "73"]
[EventDate "2024.07.26"]
[WhiteTeam "SG Porz"]
[BlackTeam "SK Niederbrechen 1948"]

1. e4 e5 2. Nf3 Nc6 3. Bc4 Nf6 4. d3 h6 5. c3 Bc5 6. O-O O-O 7. b4 Bb6 8. a4 a6 9. h3 d6 10. Re1 Be6 11. Bb3 Qe7 12. Nbd2 Bxb3 13. Qxb3 Rfe8 14. Nc4 Qe6 15. Qc2 Ba7 16. Be3 Bxe3 17. Nxe3 Ne7 18. Kh2 c6 19. Nc4 Ng6 20. a5 Rad8 21. Rad1 Nh5 22. Ne3 Ne7 23. d4 Nf4 24. Ng1 d5 25. dxe5 Qxe5 26. g3 dxe4 27. gxf4 Qxf4+ 28. Kh1 Nd5 29. Nxd5 cxd5 30. Qd2 Qh4 31. Qe3 f5 32. Qg3 Qf6 33. Ne2 Kh7 34. Nf4 Qe5 35. Qg6+ Kh8 36. Nxd5 Re6 37. Nf6 1-0

[Event "1.GRS Open"]
[Site "Ober-Ramstadt, Modauhalle"]
[Date "2024.07.27"]
[Round "2.31"]
[White "Hehn, Hartmut"]
[Black "Riedel, Thomas"]
[Result "1-0"]
[WhiteElo "2012"]
[BlackElo "1845"]
[PlyCount "87"]
[EventDate "2024.07.26"]
[WhiteTeam "SV Ebersbach"]
[BlackTeam "SC Einrich e.V."]

1. Nf3 Nf6 2. b3 d5 3. e3 c5 4. Bb2 Nc6 5. Bb5 Bg4 6. h3 Bh5 7. Be2 Qc7 8. d3 e5 9. g4 Bg6 10. Nh4 O-O-O 11. Nd2 e4 12. g5 exd3 13. cxd3 Nd7 14. Nxg6 hxg6 15. Nf3 c4 16. dxc4 Bb4+ 17. Kf1 dxc4 18. bxc4 Nde5 19. Qb3 Nxf3 20. Bxf3 Rd2 21. Rd1 Qd7 22. Rxd2 Qxd2 23. Kg2 Na5 24. Bg4+ Kb8 25. Be5+ Ka8 26. Qb2 Qxb2 27. Bxb2 Nxc4 28. Bxg7 Rd8 29. Rc1 b5 30. Bd4 Kb7 31. a4 a6 32. axb5 axb5 33. Rb1 Be7 34. Bf3+ Ka6 35. Ra1+ Ba3 36. Be2 Ka5 37. Bxc4 bxc4 38. Rxa3+ Kb4 39. Ra7 Rc8 40. Rb7+ Ka4 41. Bc3 Rc5 42. h4 Rd5 43. Rb4+ Ka3 44. Rxc4 1-0

[Event "1.GRS Open"]
[Site "Ober-Ramstadt, Modauhalle"]
[Date "2024.07.27"]
[Round "2.32"]
[White "Schmidt, Jörg"]
[Black "Wuerl, Roland"]
[Result "0-1"]
[WhiteElo "1858"]
[BlackElo "2003"]
[PlyCount "84"]
[EventDate "2024.07.26"]
[WhiteTeam "SK Niederbrechen 1948"]
[BlackTeam "SC FK Babenhausen 1994"]

1. Nf3 Nf6 2. e3 g6 3. d4 Bg7 4. c4 O-O 5. Nc3 c5 6. d5 d6 7. Bd3 e6 8. O-O Na6 9. a3 Nc7 10. e4 a6 11. Bg5 h6 12. Bd2 exd5 13. exd5 b5 14. b4 bxc4 15. Bxc4 cxb4 16. axb4 Rb8 17. Rb1 Bf5 18. Rb3 Nd7 19. Na4 Re8 20. Bf4 Qf6 21. Be3 Bg4 22. Bc1 Bxf3 23. Rxf3 Qd8 24. Ba3 Ne5 25. Rf4 Qd7 26. Nb2 Nb5 27. Qb3 Rbc8 28. Bxb5 axb5 29. Re4 f5 30. Re2 Ng4 31. Re6 Rc3 32. Qa2 Ra8 33. Rfe1 Rcxa3 34. Qb1 Ra1 35. Qxa1 Rxa1 36. Rxa1 Bxb2 37. Ra6 Be5 38. Rxg6+ Kh7 39. Re6 Nf6 40. f4 Nxd5 41. fxe5 Qxe6 42. Rxd6 Qxe5 0-1

[Event "1.GRS Open"]
[Site "Ober-Ramstadt, Modauhalle"]
[Date "2024.07.27"]
[Round "2.33"]
[White "Mehlen, Theodor"]
[Black "Waffenschmidt, Joachim"]
[Result "0-1"]
[WhiteElo "1847"]
[BlackElo "2000"]
[PlyCount "98"]
[EventDate "2024.07.26"]
[WhiteTeam "SC Matt im Park Ffm"]
[BlackTeam "SV 1920 Hofheim"]

1. e4 c5 2. Nf3 d6 3. d4 cxd4 4. Nxd4 Nf6 5. Nc3 g6 6. f3 Bg7 7. Be3 Nc6 8. Qd2 O-O 9. O-O-O d5 10. Qe1 e5 11. Nxc6 bxc6 12. exd5 Nxd5 13. Bc4 Be6 14. Ne4 Qb8 15. Bc5 Rd8 16. Kb1 Nf4 17. Bxe6 Nxe6 18. Ba3 Qb6 19. Qb4 Rd5 20. Rxd5 cxd5 21. Qxb6 axb6 22. Nd2 f5 23. Re1 Kf7 24. Bd6 Bh6 25. Bxe5 Bxd2 26. Rd1 Bf4 27. Bxf4 Nxf4 28. g3 Ne6 29. Rxd5 Rd8 30. Rxd8 Nxd8 31. c4 Ke6 32. f4 h6 33. Kc2 g5 34. Kc3 gxf4 35. gxf4 Kd6 36. b4 Ne6 37. a4 Nxf4 38. a5 bxa5 39. bxa5 Ne6 40. Kb4 Nc5 41. Kc3 Ke5 42. Kd2 Ke4 43. Ke2 f4 44. Kf2 f3 45. Ke1 Ke3 46. Kf1 f2 47. h3 Kf3 48. h4 Ne4 49. h5 Nd2# 0-1

[Event "1.GRS Open"]
[Site "Ober-Ramstadt, Modauhalle"]
[Date "2024.07.27"]
[Round "2.34"]
[White "Drill, Frank"]
[Black "Koholka, Jan"]
[Result "0-1"]
[WhiteElo "1994"]
[BlackElo "1834"]
[PlyCount "70"]
[EventDate "2024.07.26"]
[WhiteTeam "SF Neuberg"]
[BlackTeam "SK Langen"]

1. d4 d5 2. e4 dxe4 3. Nc3 e5 4. Qh5 exd4 5. Bc4 Qd7 6. Qe5+ Qe7 7. Qxd4 Nc6 8. Qxe4 Bf5 9. Qxe7+ Bxe7 10. Nd5 O-O-O 11. Bd2 Bc5 12. Nf3 f6 13. O-O Be4 14. Nc3 Bxf3 15. gxf3 Rxd2 16. Ne4 Rxc2 17. Bb3 Bxf2+ 18. Nxf2 Rxb2 19. Rad1 Nge7 20. Rfe1 Ne5 21. Re3 g5 22. Ne4 N7c6 23. Nxf6 Rf8 24. Nxh7 Nxf3+ 25. Kf1 Nxh2+ 26. Kg1 Rd8 27. Bd5 g4 28. Ng5 Rf8 29. Nf7 a6 30. Rc1 Kb8 31. Bxc6 bxc6 32. Ne5 Nf3+ 33. Rxf3 Rxf3 34. Rxc6 Re3 35. Re6 Re1# 0-1

[Event "1.GRS Open"]
[Site "Ober-Ramstadt, Modauhalle"]
[Date "2024.07.27"]
[Round "2.37"]
[White "Kostenko, Lev"]
[Black "Erhardt, Daniel"]
[Result "1-0"]
[WhiteElo "1970"]
[BlackElo "1791"]
[PlyCount "43"]
[EventDate "2024.07.26"]
[WhiteTeam "SK 1945 Fürth"]
[BlackTeam "SC Ostfildern 1952 e.V."]

1. e4 c5 2. Nf3 Nc6 3. d4 cxd4 4. Nxd4 Qb6 5. Nb3 g6 6. Be3 Qc7 7. c3 Bg7 8. N1d2 Nf6 9. f4 d6 10. Be2 h5 11. h3 b6 12. O-O Bb7 13. Bd3 e6 14. Nd4 Bh6 15. Nb5 Qd7 16. Nc4 Ba6 17. Ncxd6+ Ke7 18. e5 Nxe5 19. fxe5 Bxe3+ 20. Kh1 Bxb5 21. exf6+ Kf8 22. Nxb5 1-0

[Event "1.GRS Open"]
[Site "Ober-Ramstadt, Modauhalle"]
[Date "2024.07.27"]
[Round "2.38"]
[White "Raudonat, Luca"]
[Black "Gentner, Markus"]
[Result "1-0"]
[WhiteElo "1832"]
[BlackElo "1977"]
[PlyCount "81"]
[EventDate "2024.07.26"]
[WhiteTeam "SC Ramstein-Miesenbach"]
[BlackTeam "SC Murrhardt 1948 e.V."]

1. e4 c6 2. d4 d5 3. f3 Qa5+ 4. Nc3 e5 5. dxe5 Be6 6. Bd2 Qb6 7. exd5 cxd5 8. f4 Nh6 9. Nf3 Nc6 10. Na4 Qc7 11. Bd3 a6 12. Be3 Qa5+ 13. c3 b5 14. Nc5 Ng4 15. Bg1 d4 16. Nb3 Qa4 17. Nfxd4 Nxd4 18. Nxd4 Qxd1+ 19. Kxd1 Bd5 20. Bf1 O-O-O 21. h3 Nh6 22. a4 Bb3+ 23. Kc1 Nf5 24. Nxb3 Ng3 25. axb5 Nxh1 26. bxa6 Be7 27. Be2 Kc7 28. a7 Ng3 29. Bf3 g5 30. a8=Q Rxa8 31. Rxa8 Rxa8 32. Bxa8 Ne2+ 33. Kd1 Nxg1 34. Ke1 Kb8 35. Bd5 Bd8 36. Kf1 Bb6 37. Nd4 Nxh3 38. gxh3 gxf4 39. Kg2 Bc7 40. Nc6+ Kc8 41. Kf3 1-0

[Event "1.GRS Open"]
[Site "Ober-Ramstadt, Modauhalle"]
[Date "2024.07.27"]
[Round "2.39"]
[White "Steinbrenner, Peter"]
[Black "Yang, Zhifei"]
[Result "1/2-1/2"]
[WhiteElo "1979"]
[BlackElo "1786"]
[PlyCount "123"]
[EventDate "2024.07.26"]
[WhiteTeam "SK Kaiserslautern 1905"]
[BlackTeam "Sabt Frankfurter TV 1860"]

1. d4 d5 2. Nc3 Nf6 3. Bf4 a6 4. e3 e6 5. Nf3 Bb4 6. Bd3 c5 7. dxc5 Nbd7 8. O-O Nxc5 9. a3 Bxc3 10. bxc3 Nfe4 11. Bxe4 Nxe4 12. c4 O-O 13. cxd5 Nc3 14. Qd2 Nxd5 15. Rfd1 Qe7 16. Bg3 b5 17. e4 Nf6 18. Bd6 Nxe4 19. Bxe7 Nxd2 20. Rxd2 Re8 21. Rad1 f6 22. Rd8 Kf7 23. Bc5 Rb8 24. Kf1 Rb7 25. Bb4 Rc7 26. c3 Ra7 27. Ba5 Rae7 28. Rxe8 Rxe8 29. Bb4 e5 30. Rd6 Kg6 31. Nd2 Re6 32. Ke2 Rxd6 33. Bxd6 Be6 34. Kd3 Bd5 35. f3 Kf5 36. c4 bxc4+ 37. Nxc4 e4+ 38. fxe4+ Bxe4+ 39. Kd4 Bc6 40. Bf8 g5 41. Kc5 Ba8 42. Kb6 Ke6 43. Kxa6 Bxg2 44. Kb5 f5 45. a4 f4 46. a5 g4 47. a6 h5 48. Bh6 Kf5 49. Kc5 Bf3 50. Kd4 g3 51. hxg3 fxg3 52. Ke3 g2 53. Kf2 Kg6 54. Be3 Ba8 55. Nb6 Bc6 56. Nc4 Kf5 57. Bb6 Ke6 58. a7 Ba8 59. Be3 Kf5 60. Nb6 Bb7 61. Nd7 h4 62. Nc5 1/2-1/2

[Event "1.GRS Open"]
[Site "Ober-Ramstadt, Modauhalle"]
[Date "2024.07.27"]
[Round "2.40"]
[White "Gläßer, Vanessa"]
[Black "Bauch, Martin"]
[Result "1/2-1/2"]
[WhiteElo "1819"]
[BlackElo "1976"]
[PlyCount "67"]
[EventDate "2024.07.26"]
[WhiteTeam "SC Ladja Roßdorf"]
[BlackTeam "SC Ober-Ramstadt"]

1. d4 d5 2. c4 c6 3. Nc3 Nf6 4. Nf3 dxc4 5. a4 Bf5 6. e3 e6 7. Bxc4 Bb4 8. Qb3 a5 9. O-O O-O 10. h3 Nbd7 11. Na2 c5 12. Nxb4 cxb4 13. Nh4 Be4 14. f3 Bc6 15. g3 Qc7 16. Kf2 Nb6 17. Bb5 Bd5 18. Qd3 Rac8 19. e4 Qc2+ 20. Qxc2 Rxc2+ 21. Ke3 Bb3 22. Rf2 Rfc8 23. Rxc2 Rxc2 24. Bd3 Rh2 25. Bf1 Bxa4 26. f4 Rc2 27. Bd3 Rc8 28. Bd2 Ra8 29. f5 Bc6 30. fxe6 fxe6 31. Nf3 Nbd7 32. Bxb4 b6 33. Bd6 h6 34. Nd2 1/2-1/2

[Event "1.GRS Open"]
[Site "Ober-Ramstadt, Modauhalle"]
[Date "2024.07.27"]
[Round "2.41"]
[White "Kovalskyy, Alicia"]
[Black "Pfarr, Michael"]
[Result "1-0"]
[WhiteElo "1762"]
[BlackElo "1974"]
[PlyCount "51"]
[EventDate "2024.07.26"]
[WhiteTeam "Düsseldorfer SV 1854"]
[BlackTeam "SK 1928 Mömbris"]

1. e4 c5 2. Nf3 Nc6 3. d4 cxd4 4. Nxd4 Nf6 5. Nc3 e5 6. Ndb5 d6 7. Nd5 Nxd5 8. exd5 Nb8 9. c4 Be7 10. Be2 O-O 11. O-O a6 12. Nc3 f5 13. f4 Nd7 14. Be3 Bf6 15. Qc2 g6 16. Na4 exf4 17. Bxf4 Ne5 18. Qb3 Ng4 19. Rad1 b5 20. cxb5 Rb8 21. Bxg4 fxg4 22. Qa3 Rxb5 23. Qxd6 Bxb2 24. Nxb2 Rxb2 25. Qe5 Rxa2 26. Bh6 1-0

[Event "1.GRS Open"]
[Site "Ober-Ramstadt, Modauhalle"]
[Date "2024.07.27"]
[Round "2.42"]
[White "Adamczyk, Matthias"]
[Black "Rohatgi, Kushagra"]
[Result "1/2-1/2"]
[WhiteElo "1968"]
[BlackElo "1780"]
[PlyCount "73"]
[EventDate "2024.07.26"]
[WhiteTeam "SC Schachmatt Weiterstadt"]
[BlackTeam "SAbt TuS Makkabi Ffm"]

1. d4 d5 2. c4 e6 3. Nc3 Nf6 4. Bg5 Nbd7 5. Nf3 c6 6. e3 Be7 7. Bd3 O-O 8. O-O dxc4 9. Bxc4 b5 10. Bd3 Bb7 11. Re1 Rc8 12. a3 a5 13. e4 h6 14. Bh4 Ba8 15. Rc1 Nh5 16. Bg3 Nxg3 17. hxg3 Nf6 18. Qe2 Qd7 19. e5 Nd5 20. Ne4 Rfd8 21. Red1 Bb7 22. Nc5 Bxc5 23. Rxc5 Ne7 24. Qe4 g6 25. Qf4 Kg7 26. g4 Nd5 27. Qe4 Nc7 28. Qe1 a4 29. Be4 Na6 30. Rc3 c5 31. Bxb7 Qxb7 32. dxc5 Rxd1 33. Qxd1 Rxc5 34. Qd4 Rxc3 35. Qxc3 b4 36. axb4 Qxb4 37. Qd4 1/2-1/2

[Event "1.GRS Open"]
[Site "Ober-Ramstadt, Modauhalle"]
[Date "2024.07.27"]
[Round "2.43"]
[White "Gärtner, Johannes"]
[Black "Ahrends, Norbert"]
[Result "0-1"]
[WhiteElo "1811"]
[BlackElo "1967"]
[PlyCount "56"]
[EventDate "2024.07.26"]
[WhiteTeam "Sfr.Mainz 1928"]
[BlackTeam "SK 1980 Gernsheim"]

1. e4 c6 2. d4 d5 3. Nd2 dxe4 4. Nxe4 Bf5 5. Ng3 Bg6 6. h4 h6 7. Nf3 Nd7 8. h5 Bh7 9. Bd3 Bxd3 10. Qxd3 e6 11. Bf4 Qa5+ 12. c3 Ngf6 13. Ne5 Be7 14. Ne4 O-O 15. Nxd7 Nxd7 16. g4 f5 17. gxf5 exf5 18. Qc4+ Kh8 19. Ng3 Nb6 20. Qb3 c5 21. O-O-O c4 22. Qc2 Nd5 23. Nxf5 Nxf4 24. Nxe7 Qg5 25. Rde1 Rae8 26. Re5 Nd3+ 27. Kb1 Nxe5 28. Nd5 Nd3 0-1

[Event "1.GRS Open"]
[Site "Ober-Ramstadt, Modauhalle"]
[Date "2024.07.27"]
[Round "2.44"]
[White "Bremer, Vincent"]
[Black "Olson, Philip Christoph"]
[Result "1-0"]
[WhiteElo "1965"]
[BlackElo "1776"]
[PlyCount "101"]
[EventDate "2024.07.26"]
[WhiteTeam "TSG 1846 Bretzenheim/ZMO"]
[BlackTeam "SC Bad Nauheim"]

1. c4 Nf6 2. Nc3 e6 3. g3 d5 4. cxd5 exd5 5. d4 Be7 6. Bg2 c6 7. Nf3 O-O 8. O-O Bf5 9. Qb3 Qb6 10. Qxb6 axb6 11. Bf4 Nbd7 12. a3 Rfe8 13. h3 h6 14. g4 Bh7 15. g5 hxg5 16. Nxg5 Bg6 17. Nf3 Ne4 18. Nxe4 Bxe4 19. Rac1 b5 20. Bd2 Bd6 21. Rfe1 Ra4 22. Bc3 Bf4 23. e3 Bd6 24. Nd2 Bxg2 25. Kxg2 f5 26. Kf3 Raa8 27. Rg1 Re7 28. Rg6 Nf6 29. Rcg1 Rf8 30. Ke2 Ne8 31. Nf3 Rf6 32. Rxf6 Nxf6 33. Nh4 Rd7 34. Nxf5 Bf8 35. f3 Kf7 36. Nh4 Ke6 37. Ng2 Bd6 38. Ne1 b6 39. Nd3 c5 40. h4 Rc7 41. Kd1 Rf7 42. Rg6 Ke7 43. dxc5 bxc5 44. Be5 c4 45. Bxd6+ Kxd6 46. Nf4 Re7 47. Kd2 Ke5 48. Rg5+ Kd6 49. Ne2 Kc5 50. Nd4 Nd7 51. Rxg7 1-0

[Event "1.GRS Open"]
[Site "Ober-Ramstadt, Modauhalle"]
[Date "2024.07.27"]
[Round "2.45"]
[White "Markosyan, Aleksandr"]
[Black "Schilz, Daniel"]
[Result "1/2-1/2"]
[WhiteElo "1953"]
[BlackElo "1775"]
[PlyCount "78"]
[EventDate "2024.07.26"]
[WhiteTeam "SG Turm Idstein"]
[BlackTeam "SK 1980 Gernsheim"]

1. e4 g6 2. Nc3 Bg7 3. Bc4 d6 4. f4 a6 5. Nf3 b5 6. Bb3 Bb7 7. d3 Nd7 8. O-O c5 9. Qe1 Qb6 10. Be3 Ngf6 11. Ng5 Ng4 12. Bxf7+ Kf8 13. Bb3 Nxe3 14. Ne6+ Kf7 15. Qxe3 c4 16. Qxb6 Nxb6 17. dxc4 bxc4 18. Na4 Kxe6 19. Nxb6 Bd4+ 20. Kh1 cxb3 21. Nxa8 Rxa8 22. axb3 Bxb2 23. Ra4 Rc8 24. Rf2 Kd7 25. Rb4 Rc7 26. h3 Ba3 27. Ra4 Bc5 28. Re2 Bc6 29. Ra1 Ra7 30. Kh2 a5 31. Kg3 a4 32. bxa4 Rxa4 33. Rxa4 Bxa4 34. Kg4 Bb5 35. Re1 Bd4 36. Kg5 Bg7 37. f5 gxf5 38. exf5 Bc4 39. g4 Ke8 1/2-1/2

[Event "1.GRS Open"]
[Site "Ober-Ramstadt, Modauhalle"]
[Date "2024.07.27"]
[Round "2.46"]
[White "Lerch, Cornelia"]
[Black "Martin, Reiner"]
[Result "0-1"]
[WhiteElo "1806"]
[BlackElo "1951"]
[PlyCount "60"]
[EventDate "2024.07.26"]
[WhiteTeam "SK 1980 Gernsheim"]
[BlackTeam "SC Bad Soden"]

1. e4 c5 2. c3 Nf6 3. e5 Nd5 4. d4 cxd4 5. cxd4 e6 6. Nf3 d6 7. exd6 Bxd6 8. Nc3 Nxc3 9. bxc3 Qc7 10. Qb3 O-O 11. Bd3 h6 12. O-O Nd7 13. Be3 b6 14. h3 Bb7 15. Be2 Nf6 16. c4 Rfd8 17. c5 bxc5 18. dxc5 Be7 19. Rfc1 Rac8 20. Qa4 Bc6 21. Qa6 Nd5 22. Qa3 Nxe3 23. fxe3 Bxf3 24. Bxf3 Bxc5 25. Qb3 Qe5 26. Re1 Bb6 27. Kh1 Bc7 28. Kg1 Rd2 29. Kf1 Qh2 30. Be2 Bg3 0-1

[Event "1.GRS Open"]
[Site "Ober-Ramstadt, Modauhalle"]
[Date "2024.07.27"]
[Round "2.47"]
[White "von Wahden, Jens"]
[Black "Feick, Claas Marten"]
[Result "1/2-1/2"]
[WhiteElo "1951"]
[BlackElo "1767"]
[PlyCount "193"]
[EventDate "2024.07.26"]
[WhiteTeam "SV Oberursel"]
[BlackTeam "SF Neuberg"]

1. d4 Nf6 2. c4 e6 3. Nf3 Bb4+ 4. Bd2 Qe7 5. g3 Bxd2+ 6. Qxd2 Nc6 7. Nc3 d6 8. Bg2 e5 9. d5 Nb8 10. O-O a5 11. e4 Nbd7 12. Ne1 Nc5 13. Nd3 Nxd3 14. Qxd3 O-O 15. Rae1 Nd7 16. f4 exf4 17. gxf4 Nc5 18. Qg3 Qf6 19. Qe3 Qg6 20. Kh1 Re8 21. Rg1 f6 22. Qd2 Qf7 23. Nb5 Re7 24. Nd4 Qe8 25. f5 Qa4 26. b3 Qb4 27. Qc2 a4 28. Re3 axb3 29. axb3 Qa3 30. Ne6 Bxe6 31. dxe6 Na6 32. Qc3 Qb4 33. Ra1 Qxc3 34. Rxc3 Rb8 35. Kg1 Nb4 36. Kf2 b6 37. Ke3 Nc6 38. Rcc1 Na5 39. Ra3 c5 40. Rd1 Rd8 41. Kd3 Nc6 42. Kc3 Nb4 43. Rda1 Kf8 44. Ra8 Rxa8 45. Rxa8+ Re8 46. Ra7 Re7 47. Ra1 g6 48. Rd1 gxf5 49. exf5 Rg7 50. Be4 Rg4 51. Bb7 Na2+ 52. Kb2 Rg7 53. Kxa2 Rxb7 54. Rxd6 Ke7 55. Rd2 Ra7+ 56. Kb2 Rb7 57. Rg2 Kd6 58. Kc3 Re7 59. Rd2+ Ke5 60. Rd7 Re8 61. Rd5+ Ke4 62. Kd2 Rg8 63. Ke1 h5 64. Kf2 h4 65. Rd6 Kxf5 66. Rxb6 h3 67. Kf3 Ke5 68. Rc6 Re8 69. Kg3 f5 70. Rxc5+ Kxe6 71. Rd5 Rb8 72. Rd3 Rh8 73. Kf4 Rh4+ 74. Kg5 Rg4+ 75. Kh5 Rg8 76. Kh4 Rh8+ 77. Kg3 Ke5 78. b4 Ke4 79. Rd1 f4+ 80. Kf2 Rg8 81. Rg1 Ra8 82. Re1+ Kd4 83. c5 Rb8 84. Rc1 Rxb4 85. c6 Rb8 86. c7 Rc8 87. Kf3 Ke5 88. Kg4 Ke4 89. Kxh3 Kf3 90. Rc3+ Ke2 91. Rc2+ Kf3 92. Rc3+ Ke2 93. Kg4 f3 94. Rxf3 Rg8+ 95. Kf4 Rf8+ 96. Ke4 Re8+ 97. Kf4 1/2-1/2

[Event "1.GRS Open"]
[Site "Ober-Ramstadt, Modauhalle"]
[Date "2024.07.27"]
[Round "2.48"]
[White "Steigleder, Maximilian"]
[Black "Stuhlmann, Florian"]
[Result "0-1"]
[WhiteElo "1764"]
[BlackElo "1944"]
[PlyCount "100"]
[EventDate "2024.07.26"]
[WhiteTeam "Sfr.1932 Kelkheim"]
[BlackTeam "SC Königsflügel Lindenholzhausen"]

1. e4 c5 2. c3 d5 3. exd5 Qxd5 4. d4 Nf6 5. Nf3 e6 6. Bd3 Nc6 7. O-O Be7 8. dxc5 Bxc5 9. Qe2 O-O 10. Rd1 Qh5 11. Bg5 Ng4 12. Bh4 a6 13. h3 Nf6 14. g4 Nxg4 15. hxg4 Qxg4+ 16. Kf1 Qh5 17. Kg2 f5 18. Rh1 Qg4+ 19. Bg3 g5 20. Nfd2 Qxe2 21. Bxe2 b5 22. Bf3 Bb7 23. Nb3 Bb6 24. Bxc6 Bxc6+ 25. f3 Rad8 26. Bf2 Bxf2 27. Kxf2 Kg7 28. N1d2 e5 29. Ke3 Kg6 30. Nc5 Ra8 31. Rhg1 Rf6 32. Nd3 Re8 33. Rae1 Rd6 34. Nb3 f4+ 35. Ke2 Bxf3+ 36. Kxf3 Rxd3+ 37. Ke4 Rd6 38. Nc5 h5 39. Nd3 Kf6 40. Rh1 h4 41. Reg1 Red8 42. Nf2 Rd2 43. Ng4+ Ke6 44. Re1 Rxb2 45. Nxe5 Rdd2 46. Nd3 Rxa2 47. Nxf4+ gxf4 48. Kxf4+ Kd5 49. Rxh4 Ra4+ 50. Kg5 Rxh4 0-1

[Event "1.GRS Open"]
[Site "Ober-Ramstadt, Modauhalle"]
[Date "2024.07.27"]
[Round "2.49"]
[White "Tietzen, Stefan"]
[Black "Theobald, Fabian"]
[Result "1-0"]
[WhiteElo "1939"]
[BlackElo "1757"]
[PlyCount "37"]
[EventDate "2024.07.26"]
[WhiteTeam "SK 1980 Gernsheim"]
[BlackTeam "SC Ladja Roßdorf"]

1. e4 e6 2. d4 d5 3. Nc3 Nf6 4. Bg5 dxe4 5. Nxe4 Nbd7 6. Bd3 Be7 7. Nxf6+ Bxf6 8. Bxf6 Qxf6 9. Nf3 c5 10. O-O cxd4 11. Bb5 a6 12. Bxd7+ Bxd7 13. Qxd4 Qxd4 14. Nxd4 e5 15. Rfe1 f6 16. f4 O-O-O 17. fxe5 fxe5 18. Rxe5 Bg4 19. c3 1-0

[Event "1.GRS Open"]
[Site "Ober-Ramstadt, Modauhalle"]
[Date "2024.07.27"]
[Round "2.50"]
[White "Hurek, Werner"]
[Black "Pelt, Alexander"]
[Result "0-1"]
[WhiteElo "1772"]
[BlackElo "1935"]
[PlyCount "72"]
[EventDate "2024.07.26"]
[WhiteTeam "SC 1924 Lampertheim"]
[BlackTeam "SG Speyer-Schwegenheim 2012"]

1. e4 Nf6 2. e5 Nd5 3. c4 Nb6 4. d4 d6 5. Nf3 Nc6 6. Be2 dxe5 7. d5 Nd4 8. Nxd4 exd4 9. Qxd4 e6 10. Nc3 Qf6 11. Qe3 Be7 12. O-O exd5 13. cxd5 Bf5 14. Bb5+ c6 15. dxc6 bxc6 16. Re1 cxb5 17. Nxb5 Nd5 18. Qf3 Be6 19. Nd6+ Kd7 20. Qb3 Bxd6 21. Qb5+ Kc7 22. Bd2 Nb6 23. Rac1+ Kb8 24. Be3 Qe5 25. Qxe5 Bxe5 26. Bxb6 axb6 27. Rxe5 Rxa2 28. Rb5 Kb7 29. h3 Rc8 30. Rd1 Ka6 31. Rg5 g6 32. b4 Rb2 33. Ra1+ Kb7 34. Rb5 Rcc2 35. Re1 Rxf2 36. Rg5 Rfe2 0-1